Appropriation accounts, Union Government (Civil) (Record no. 510403)

000 -LEADER
fixed length control field 00569cam a22001457a 4500
008 - FIXED-LENGTH DATA ELEMENTS--GENERAL INFORMATION
fixed length control field 180718b-- xxu||||| |||| 00| 0 eng d
082 ## - DEWEY DECIMAL CLASSIFICATION NUMBER
Classification number L806x54 A/2017-18
245 ## - TITLE STATEMENT
Title Appropriation accounts, Union Government (Civil)
260 ## - PUBLICATION, DISTRIBUTION, ETC. (IMPRINT)
Place of publication, distribution, etc Delhi
Name of publisher, distributor, etc The Controller of Publications
Date of publication, distribution, etc --
300 ## - PHYSICAL DESCRIPTION
Extent 80p
500 ## - GENERAL NOTE
General note Library has 1992/93-2001/02, 2003/04, 2006/07-2007/08, 2009/10-2010/11,2017-18
650 ## - SUBJECT ADDED ENTRY--TOPICAL TERM
Topical term or geographic name as entry element India - Appropriations and expenditures
9 (RLIN) 8345
700 ## - ADDED ENTRY--PERSONAL NAME
Personal name India. Ministry of Finance. Department of Expenditure. Controller General of Accounts
9 (RLIN) 8346
942 ## - ADDED ENTRY ELEMENTS (KOHA)
Source of classification or shelving scheme

No items available.

Powered by Koha